Statistics for CHALLENGE 43

Click here to take the quiz!

General Stats

  • This quiz has been taken 2 times
  • The average score is 5 of 7

Answer Stats

HintAnswer in Comments:% Correct
NewtAnswer
100%
HenComments
100%
SalmonIn
100%
CowBelow
50%
DogGive
50%
OwlSection
50%
CatThanks
0%

Score Distribution

Percentile by Number Answered

Percent of People with Each Score

Your Score History

You have not taken this quiz